|
|
|
|
| LEADER |
00728na a2200217 4500 |
| 001 |
000032726 |
| 003 |
8847 |
| 005 |
20151002110555.0 |
| 008 |
151002s2002 000 |
| 082 |
|
|
|a 420.8
|
| 100 |
|
|
|a Judith Tanka, Paul Most …
|
| 245 |
|
|
|a Interactions listening, speaking
|c Judith Tanka, Paul Most …
|
| 260 |
|
|
|c 2002
|
| OWN |
|
|
|a LNN
|
| AVA |
|
|
|a UDN50
|b LNN
|d 420.8
|e available
|t Error 5001 Not defined in file expand_doc_bib_avail.
|f 1
|g 0
|h N
|i 0
|k 1
|
| 999 |
|
|
|a From the UDN01
|
| AVA |
|
|
|a UDN50
|b LNN
|d 420.8
|e available
|t Error 5001 Not defined in file expand_doc_bib_avail.
|f 1
|g 0
|h N
|i 0
|k 1
|
| TYP |
|
|
|a Printed language
|
| 980 |
|
|
|a Mạng thư viện Đại học Đà Nẵng
|